000
00286nam a2200121Ia 4500
008
191201s2002 xx 000 0 und d
100
_a
RANCU,Dude
245
0
_a
7th heaven
260
_a
United kingdom
_b
Coxswyman Ltd
_c
2002
300
_a
148
650
_a
General Books
942
_2
ddc
_c
BK
999
_c
4386
_d
4386